|
|
|
|
| LEADER |
02137nam a2200313 i 4500 |
| 003 |
GR-PaULI |
| 005 |
20250217133451.0 |
| 008 |
220117s2019 gr ||||g |||| 001 d gre d |
| 952 |
|
|
|0 0
|1 0
|2 ddc
|4 0
|6 809_200000000000000_ΦΕΛ
|7 0
|9 354445
|a LISP
|b LISP
|c BSC
|d 2022-01-17
|i 151659
|l 0
|o 809.2 ΦΕΛ
|p 025000280058
|r 2022-01-17 00:00:00
|t 1
|w 2022-01-17
|y BK15
|
| 952 |
|
|
|0 0
|1 0
|2 ddc
|4 0
|6 792_094000000000000_ΦΕΛ
|7 0
|9 360512
|a THST
|b THST
|d 2022-05-31
|i 017197
|l 2
|o 792.094 ΦΕΛ
|p 025000288574
|r 2025-03-12 14:16:16
|s 2025-02-20
|t 2
|w 2022-05-31
|y BK15
|
| 952 |
|
|
|0 0
|1 0
|2 ddc
|4 0
|6 809_200000000000000_ΦΕΛ
|7 0
|9 362601
|a LISP
|b LISP
|c BSC
|d 2022-07-18
|i 257475
|l 0
|o 809.2 ΦΕΛ
|p 025000293558
|r 2022-07-18 00:00:00
|t 3
|w 2022-07-18
|y BK15
|
| 952 |
|
|
|0 0
|1 0
|2 ddc
|4 0
|6 809_200000000000000_ΦΕΛ
|7 0
|9 362604
|a LISP
|b LISP
|c BSC
|d 2022-07-18
|i 256916
|l 0
|o 809.2 ΦΕΛ
|p 025000292713
|r 2022-07-18 00:00:00
|t 4
|w 2022-07-18
|y BK15
|
| 999 |
|
|
|c 207790
|d 207790
|
| 020 |
|
|
|a 9789600234695
|
| 040 |
|
|
|a GR-PaULI
|b gre
|c GR-PaULI
|e AACR2
|
| 082 |
0 |
4 |
|2 23
|a 809.2
|
| 100 |
1 |
|
|9 189377
|a Φελοπούλου,Σοφία
|e συγγραφέας.
|
| 245 |
1 |
0 |
|a Μεταμορφώσεις και ανανεώσεις της ευρωπαϊκής δραματουργίας :
|b από τον 18ο στον 21ο αιώνα /
|c Σοφία Φελοπούλου.
|
| 260 |
|
|
|a Αθήνα :
|b Παπαζήσης,
|c 2019.
|
| 300 |
|
|
|a 209 σ. ;
|c 21 εκ.
|
| 490 |
1 |
|
|a Θεατρικοί τόποι / Παπαζήσης
|
| 504 |
|
|
|a Περιλαμβάνει βιβλιογραφία και ευρετήριο.
|
| 650 |
|
4 |
|9 189379
|a Ευρωπαϊκό δράμα
|x Ιστορία και κριτική
|y 18ος αιώνας.
|
| 650 |
|
4 |
|9 189380
|a Ευρωπαϊκό δράμα
|x Ιστορία και κριτική
|z 19ος αιώνας.
|
| 650 |
|
4 |
|9 189381
|a Ευρωπαϊκό δράμα
|x Ιστορία και κριτική
|y 20ος αιώνας.
|
| 650 |
|
4 |
|9 189382
|a Ευρωπαϊκό δράμα
|x Ιστορία και κριτική
|y 21ος αιώνας.
|
| 830 |
|
0 |
|a Θεατρικοί τόποι (Παπαζήσης)
|9 157360
|
| 942 |
|
|
|2 ddc
|c BK15
|
| 998 |
|
|
|c ΛΟΤΣΑΡΗ
|d 2022-01
|